000 01044cam a22002893a 4500
001 1868
003 PGUSA
005 20140828083007.0
008 990801s1999||||xxu|||||s|||||000 1 eng d
040 _aPGUSA
_beng
042 _adc
050 4 _aPZ
050 4 _aPS
100 1 _aWiggin, Kate Douglas Smith,
_d1856-1923
245 1 0 _aPenelope's Postscripts
_h[electronic resource] /
_cKate Douglas Smith Wiggin
260 _bProject Gutenberg,
_c1999
505 0 _aPenelope in Switzerland -- Penelope in Venice -- Penelope's prints of Wales -- Penelope in Devon -- Penelope at home.
506 _aPublic domain in the USA.
516 _aElectronic text
653 _aYoung women -- Travel -- Europe -- Juvenile fiction
653 _aEurope -- Social life and customs -- 20th century -- Juvenile fiction
653 _aEurope -- Description and travel -- Juvenile fiction
653 _aAmericans -- Europe -- Juvenile fiction
830 0 _aProject Gutenberg
_v1868
856 4 0 _uhttp://www.gutenberg.org/ebooks/1868
942 _cEB
999 _c231211
_d231211